000 00771nam a2200253 a 4500
001 26541
003 CO-ViMGA
008 141112s2004 ck r 000 u spa d
020 _a9789588418094
040 _aCO-ViMGA
_bspa
_cCO-ViMGA
090 _aP MAL3
100 1 _aMalaver, Olga
_95920
245 1 0 _aObjetos que nos miran /
_cOlga Malaver ; obra fotográfica Ramón Giovanni
260 _aBogotá :
_bComún Presencia Editores
300 _a88 p. / 21 cm.
490 _aLos conjurados ; 41
500 _aCatalogación en la fuente.
650 1 4 _aMESAS - - POESÍAS
_95921
650 1 4 _aPOESÍA COLOMBIANA
_91069
650 1 4 _aRELOJES - - POESÍAS
_95922
650 1 4 _aSILLAS - - POESÍAS
_95923
700 1 _aGiovanni, Ramón, fot.
_95924
942 _2ddc
_cBK
999 _c11048
_d11048